Sociálne kompetencie manažéra - prípadová štúdia diplomová práca

Enregistré dans:
Détails bibliographiques
Auteur principal: Hiráková, Dominika
Collectivité auteur: Podnikovohospodárska fakulta EU so sídlom v Košiciach. Katedra manažmentu
Autres auteurs: Olexová, Cecília, 1976-
Format: Livre
Langue:slovaque
Publié: Košice 2016
Tags: Ajouter un tag
Pas de tags, Soyez le premier à ajouter un tag!

MARC

LEADER 00000nbm a2200000 4500
001 0217628
005 20170315090449.9
041 0 |a slo 
044 |a SK 
245 1 0 |a Sociálne kompetencie manažéra - prípadová štúdia  |b diplomová práca  |c Dominika Hiráková ; školiteľ: Cecília Olexová 
264 1 |a Košice  |c 2016 
300 |a 99 s. 
100 1 |a Hiráková, Dominika 
700 1 |a Olexová, Cecília, 1976- 
710 2 |a Podnikovohospodárska fakulta EU so sídlom v Košiciach. Katedra manažmentu